000 00275nam a2200121Ia 4500
008 190216s9999||||xx |||||||||||||| ||und||
100 _aMurray Dbryce
245 0 _aIndustrial Development
260 _bMcgraw -hill
_c1960
300 _a282p
650 _aCommerce
942 _cBK
999 _c4500
_d4500